| 000 | 00000nas##2200000za#4500 |
| 001 | 9.513544 |
| 003 | CaOODSP |
| 005 | 20210615082756 |
| 007 | ta |
| 008 | 150406c2004||||xxc|| m #||||f| |0fre|d |
| 022 | |a1712-0225 |
| 040 | |aCaOODSP|bfre |
| 043 | |an-cn--- |
| 086 | 1 |aEn153-113F |
| 110 | 1 |aCanada.|bEnvironnement Canada. |bSection Éco-Innovation technologique. |
| 245 | 10|aInnovation technologique |
| 260 | |aMontréal - Québec : |bEnvironnement Canada. |
| 310 | |aIrrégulier |
| 500 | |a«... à diffuser les résultats obtenus lors de projets de développement et de démonstration technologiques réalisés dans les secteurs suivants: eaux usées, émissions atmosphériques, sols contaminés, matières résiduelles, déchets dangereux, agro-environnement, et outils et procédés novateurs.» |
| 520 | 3 |aCette série de fiches d’information sert à disséminer les résultats obtenus dans le cadre de projets de développement et de démonstration technologiques. Les fiches d’information portent sur les secteurs suivants : eaux usées, émissions atmosphériques, sols contaminés, matières résiduelles, déchets dangereux, agro-environnement, et outil et procédés novateurs. |
| 563 | |aDépliant |
| 775 | 08|tTechnological innovation |w(CaOODSP)9.515213 |
| 776 | 0#|tInnovation technologique |w(CaOODSP)9.501516 |